<?xml version="1.0" encoding="UTF-8"?>
<record
    xmlns:xsi="http://www.w3.org/2001/XMLSchema-instance"
    xsi:schemaLocation="http://www.loc.gov/MARC21/slim http://www.loc.gov/standards/marcxml/schema/MARC21slim.xsd"
    xmlns="http://www.loc.gov/MARC21/slim">

  <leader>01063nab a2200289 uc4500</leader>
  <controlfield tag="001">791961</controlfield>
  <controlfield tag="005">20240201184322.0</controlfield>
  <controlfield tag="008">021216s2002                        spa  </controlfield>
  <datafield tag="035" ind1=" " ind2=" ">
    <subfield code="a">791961</subfield>
  </datafield>
  <datafield tag="035" ind1=" " ind2=" ">
    <subfield code="a">(OCoLC)820004870</subfield>
  </datafield>
  <datafield tag="040" ind1=" " ind2=" ">
    <subfield code="c">comduadb</subfield>
  </datafield>
  <datafield tag="041" ind1=" " ind2=" ">
    <subfield code="a">spa</subfield>
  </datafield>
  <datafield tag="100" ind1="1" ind2="0">
    <subfield code="a">Vera Mondragon, Bairo</subfield>
    <subfield code="4">aut</subfield>
    <subfield code="e">aut</subfield>
    <subfield code="9">365733</subfield>
  </datafield>
  <datafield tag="245" ind1="1" ind2="0">
    <subfield code="a">Tecnologias informaticas utilizadas en el diseno y la fabricacion de moldes y troqueles</subfield>
  </datafield>
  <datafield tag="650" ind1=" " ind2=" ">
    <subfield code="a">Tecnolog&#xED;a inform&#xE1;tica</subfield>
    <subfield code="9">39477</subfield>
  </datafield>
  <datafield tag="650" ind1=" " ind2=" ">
    <subfield code="a">Sistemas CAD/CAM</subfield>
    <subfield code="9">51383</subfield>
  </datafield>
  <datafield tag="650" ind1=" " ind2=" ">
    <subfield code="a">CIM (Manufactura integrada por computador)</subfield>
    <subfield code="9">24108</subfield>
  </datafield>
  <datafield tag="650" ind1=" " ind2=" ">
    <subfield code="a">Moldeo</subfield>
    <subfield code="9">12371</subfield>
  </datafield>
  <datafield tag="650" ind1=" " ind2=" ">
    <subfield code="a">Troqueles</subfield>
    <subfield code="9">2294</subfield>
  </datafield>
  <datafield tag="650" ind1=" " ind2=" ">
    <subfield code="a">Dise&#xF1;o mec&#xE1;nico</subfield>
    <subfield code="9">34122</subfield>
  </datafield>
  <datafield tag="650" ind1=" " ind2=" ">
    <subfield code="a">CAT (Pruebas Asistida por Computador)</subfield>
    <subfield code="9">113565</subfield>
  </datafield>
  <datafield tag="650" ind1=" " ind2=" ">
    <subfield code="a">CAE (Ingenier&#xED;a Asistida por Computador)</subfield>
    <subfield code="9">113566</subfield>
  </datafield>
  <datafield tag="650" ind1=" " ind2=" ">
    <subfield code="a">CADD (Dise&#xF1;o y Documentacion Asistida por Computador)</subfield>
    <subfield code="9">113675</subfield>
  </datafield>
  <datafield tag="700" ind1="1" ind2="0">
    <subfield code="a">Vidarte Mayor, Diego</subfield>
    <subfield code="4">aut</subfield>
    <subfield code="e">aut</subfield>
    <subfield code="9">365735</subfield>
  </datafield>
  <datafield tag="773" ind1="0" ind2=" ">
    <subfield code="t">Informador T&#xE9;cnico (Cali)</subfield>
    <subfield code="g">No. 65, Ago. 2002, p. 7-12</subfield>
    <subfield code="w">121056</subfield>
    <subfield code="z">0122056X</subfield>
    <subfield code="0">69439</subfield>
  </datafield>
  <datafield tag="942" ind1=" " ind2=" ">
    <subfield code="c">ARIMP</subfield>
  </datafield>
  <datafield tag="999" ind1=" " ind2=" ">
    <subfield code="c">267250</subfield>
    <subfield code="d">267250</subfield>
  </datafield>
</record>
